000 00606nam a2200217Ia 4500
005 20250508165516.0
008 008 250505s9999 xx 000 0 eng d
020 _a978-81-7058-554-1
037 _aTextual
040 _aFEDL
_beng
_cFEDL
041 _aeng
_2eng
084 _a370, AUR
_qFEDL
245 0 _aOn education: The mother
245 0 _cAurobindo Ashram Trust
260 _aPondicherry, India
_bSriĀ Aurobindo Ashram
_c1999
300 _a517p.
365 _aINR
_b260
546 _aGifted by Benjon Desai Foundation
942 _cTEXL
_h370, AUR
999 _c1395540
_d1395540